Central Library OPAC University of Rajshahi

A geography of China / (Record no. 23011)

MARC details
000 -LEADER
fixed length control field 00705nam a22002411 4500
001 - CONTROL NUMBER
control field 23011
003 - CONTROL NUMBER IDENTIFIER
rucl marc code BD-RjUL
005 - DATE AND TIME OF LATEST TRANSACTION
control field 20211209000900.0
008 - FIXED-LENGTH DATA ELEMENTS--GENERAL INFORMATION
fixed length control field 140310r19661965enkab b 001 0 eng
035 ## - SYSTEM CONTROL NUMBER
System control number (BD-RjUL)23076
040 ## - CATALOGING SOURCE
Original cataloging agency DLC
Transcribing agency DLC
Modifying agency DLC
-- BD-RjUL
Language of cataloging eng
041 ## - LANGUAGE CODE
Language code of text/sound track or separate title eng
082 00 - DEWEY DECIMAL CLASSIFICATION NUMBER
Classification number 915.1
Author mark and year TRG 1966
100 1# - MAIN ENTRY--PERSONAL NAME
Personal name Tregear, T. R.
Fuller form of name (Thomas R.)
9 (RLIN) 70978
245 12 - TITLE STATEMENT
Title A geography of China /
Statement of responsibility, etc. by T. R. Tregear.
260 ## - PUBLICATION, DISTRIBUTION, ETC. (IMPRINT)
Place of publication, distribution, etc. London :
Name of publisher, distributor, etc. University press,
Date of publication, distribution, etc. c196 [impression 1966].
300 ## - PHYSICAL DESCRIPTION
Pagination xvii, 342 p. :
Illustrations ill. ;
Size 22 cm.
504 ## - BIBLIOGRAPHY, ETC. NOTE
Bibliography, etc Bibliography: p. 325-332 and index.
651 #0 - SUBJECT ADDED ENTRY--GEOGRAPHIC NAME
Geographic name China
General subdivision Geography.
9 (RLIN) 70979
942 ## - ADDED ENTRY ELEMENTS (KOHA)
Source of classification or shelving scheme Dewey Decimal Classification
Koha item type Books
Holdings
Lost status Source of classification or shelving scheme Damaged status Not for loan Collection code Permanent Location Current Location Shelving location Date acquired Source of acquisition Cost, normal purchase price Total Checkouts Full call number Date last seen Copy number Koha item type
  Dewey Decimal Classification     Non-fiction Central Library, University of Rajshahi Central Library, University of Rajshahi   08/01/1975 Jonathan wren & co. 188.00   915.1 TRG 1966 10/03/2014 C-5 Books
  Dewey Decimal Classification     Non-fiction Central Library, University of Rajshahi Central Library, University of Rajshahi   05/09/1967 Zeitlinger 57.00   915.1 TRG 1965 18/03/2014 C-3 Books